00235nam a2200073Ia 4500008004100000245003500041260000900076856007600085160531s9999 xx 000 0 und d 4aThe Future of Home Health Care c2015 uhttp://www.ncbi.nlm.nih.gov/books/NBK315920/pdf/Bookshelf_NBK315920.pdf